[Event "Ch Asia (juniors)"]
[Site "masterchessopen.com Negombo (Sri Lanka)"]
[Round "2"]
[White "Himanshu Kumar (IND)"]
[Black "Deepan Chakkravarthy J (IND)"]
[Result "0-1"]
[WhiteElo "2061"]
[BlackElo "2396"]

1.Nf3 d5 2.d4 Nf6 3.c4 e6 4.Nc3 c6 5.Bg5 dxc4 6.a4 Bb4 7.e4 Qa5 8.Bd2 Bxc3
9.Bxc3 Qc7 10.e5 Ne4 11.Bxc4 c5 12.Bd3 Nxc3 13.bxc3 cxd4 14.cxd4 Qc3+ 15.Kf1
Nc6 16.Rc1 Qa3 17.g3 Bd7 18.Kg2 O-O 19.h4 Nb4 20.Be4 Nd5 21.Ra1 Qb2 22.Rb1
Ne3+ {#R} 0-1

[Event "Alpenpokal"]
[Site "masterchessopen.com Oberstdorf (Germany)"]
[Round "6"]
[White "Koops Randolf (GER)"]
[Black "Doehner Hans Juergen (GER)"]
[Result "0-1"]
[WhiteElo "2118"]
[BlackElo "2147"]

1.d4 d5 2.Nf3 e6 3.c4 c6 4.Nc3 Nf6 5.Bg5 dxc4 6.e4 b5 7.e5 h6 8.Bh4 g5 9.Nxg5
hxg5 10.Bxg5 Nbd7 11.exf6 Bb7 12.a3 Qb6 13.Be2 O-O-O 14.a4 Nc5 15.axb5 cxb5
16.O-O Nb3 17.Be3 a6 18.Ra3 Nxd4 19.Bxd4 Rxd4 20.Qe1 Bh6 21.Qa1 Qc6 22.f3 Be3+
23.Kh1 Rdh4 24.h3 Qd6 25.f4 Rxh3# 0-1

[Event "It (open) \"]
[Site "masterchessopen.com Paris (France)"]
[Round "0"]
[White "Lacrosse Marc (BEL)"]
[Black "Le Corre Benjamin (FRA)"]
[Result "1-0"]
[WhiteElo "2264"]
[BlackElo "2150"]

1.d4 d5 2.c4 c6 3.Nf3 Nf6 4.Nc3 e6 5.Bg5 dxc4 6.e4 b5 7.e5 h6 8.Bh4 g5 9.exf6
gxh4 10.Ne5 Bb7 11.Nxf7 Qxf6 12.Nxh8 Qxh8 13.Qh5+ Kd8 14.Qxh4+ Be7 15.Qe4 b4
16.Na4 c3 17.bxc3 Nd7 18.Be2 {#r} 1-0

[Event "It (open)"]
[Site "masterchessopen.com Schwarzach (Austria)"]
[Round "5"]
[White "Schmidlechner Alexander (AUT)"]
[Black "Helmschrott Otto (GER)"]
[Result "1-0"]
[WhiteElo "2236"]
[BlackElo "2116"]

1.d4 d5 2.c4 c6 3.Nf3 Nf6 4.Nc3 e6 5.Bg5 dxc4 6.e4 b5 7.e5 h6 8.Bh4 g5 9.Nxg5
hxg5 10.Bxg5 Nbd7 11.exf6 Bb7 12.g3 c5 13.d5 Qb6 14.Bg2 O-O-O 15.O-O Bh6
16.Bxh6 Rxh6 17.Qd2 Rdh8 18.dxe6 fxe6 19.Rad1 Nxf6 20.h4 Rxh4 21.gxh4 Bxg2
22.Kxg2 Rg8+ 23.Kh3 e5 24.Qd6 Qb7 25.Qxc5+ Kb8 26.Qxb5 {#r} 1-0

[Event "Ch Slovakia (team) 2003/04 (1 liga) West"]
[Site "masterchessopen.com Slovakia"]
[Round "3"]
[White "Obona Jan (SVK)"]
[Black "Bojda Lubomir (SVK)"]
[Result "0-1"]
[WhiteElo "2241"]
[BlackElo "2156"]

1.d4 d5 2.c4 e6 3.Nc3 c6 4.Nf3 Nf6 5.Bg5 dxc4 6.e4 b5 7.e5 h6 8.Bh4 g5 9.Nxg5
hxg5 10.Bxg5 Nbd7 11.g3 Bb7 12.Bg2 Qb6 13.exf6 c5 14.d5 O-O-O 15.O-O b4 16.Na4
Qb5 17.b3 c3 18.Re1 Nb8 19.Qg4 Bxd5 20.Rad1 Qc6 21.Bxd5 Rxd5 22.Rxd5 Qxd5
23.Rd1 Qc6 24.Be3 Nd7 25.Bf4 Qe4 26.a3 Ne5 {#R} 0-1

[Event "It (cat.4)"]
[Site "masterchessopen.com Tel Aviv (Israel)"]
[Round "7"]
[White "Kaganskiy Gleb (RUS)"]
[Black "Haimovich Tal (ISR)"]
[Result "1-0"]
[WhiteElo "2287"]
[BlackElo "2382"]

1.Nf3 d5 2.d4 Nf6 3.c4 c6 4.Nc3 e6 5.Bg5 dxc4 6.e4 b5 7.e5 h6 8.Bh4 g5 9.Nxg5
hxg5 10.Bxg5 Nbd7 11.g3 Bb7 12.Bg2 Qb6 13.exf6 c5 14.d5 O-O-O 15.O-O b4 16.Rb1
Bh6 17.Bxh6 Rxh6 18.b3 Qa6 19.bxc4 Qxc4 20.Ne4 Nxf6 21.Nxc5 Rxd5 22.Nxb7 Kxb7
23.Qd2 {#r} 1-0

[Event "It (open)"]
[Site "masterchessopen.com Vienna (Austria)"]
[Round "5"]
[White "Pachta Paul (AUT)"]
[Black "Bachofner Christian (AUT)"]
[Result "0-1"]
[WhiteElo "2159"]
[BlackElo "2138"]

1.d4 d5 2.c4 c6 3.Nf3 Nf6 4.Nc3 e6 5.Bg5 dxc4 6.e4 b5 7.e5 h6 8.Bh4 g5 9.Nxg5
hxg5 10.Bxg5 Be7 11.exf6 Bxf6 12.Bxf6 Qxf6 13.g3 Na6 14.Bg2 Bb7 15.Nxb5 O-O-O
16.Qa4 cxb5 17.Bxb7+ Kxb7 18.Qxb5+ Ka8 19.Qc6+ Kb8 20.Qb5+ Ka8 21.Qc6+ Kb8
22.Qxa6 Qf3 23.O-O Rxh2 {#R} 0-1

[Event "It (open) (c)"]
[Site "masterchessopen.com Aragon (Spain)"]
[Round "0"]
[White "Alcon Herrero Javier (ESP)"]
[Black "Villuendas Valero Adrian (ESP)"]
[Result "1-0"]
[WhiteElo "2046"]
[BlackElo "2101"]

1.d4 d5 2.c4 e6 3.Nc3 c6 4.Nf3 Nf6 5.Bg5 dxc4 6.e4 b5 7.a4 b4 8.Nb1 Ba6 9.Qc1
Qa5 10.Bxf6 gxf6 11.Bxc4 Rg8 12.O-O Bb7 13.Nbd2 Qh5 14.d5 Qh3 15.g3 Bd6
16.dxe6 fxe6 17.e5 Bxe5 18.Nxe5 fxe5 19.Ne4 Ke7 20.Qd2 Nd7 21.Qd6+ {#r} 1-0

[Event "Memorial I.Kurass (open)"]
[Site "masterchessopen.com Kiev (Ukraine)"]
[Date "2003.06.26"]
[Round "3"]
[White "Shishkin Vadim (UKR)"]
[Black "Dziadyk Pavel (UKR)"]
[Result "1-0"]
[WhiteElo "2480"]
[BlackElo "2243"]

1.d4 d5 2.c4 e6 3.Nc3 c6 4.Nf3 Nf6 5.Bg5 dxc4 6.e4 b5 7.e5 h6 8.Bh4 g5 9.Nxg5
hxg5 10.Bxg5 Nbd7 11.g3 Qb6 12.exf6 Bb7 13.Bg2 O-O-O 14.O-O c5 15.d5 b4 16.Na4
Qa6 17.a3 Qb5 18.Re1 Bh6 19.Bxh6 Rxh6 20.axb4 cxb4 21.dxe6 Nxf6 22.exf7 Rdh8
23.Qd6 {#r} 1-0

[Event "Memorial Karl Mala (open)"]
[Site "masterchessopen.com Griesheim (Germany)"]
[Date "2003.07.26"]
[Round "4"]
[White "Kreiling Carsten (GER)"]
[Black "Dankesreiter Arne (GER)"]
[Result "1-0"]
[WhiteElo "2170"]
[BlackElo "2021"]

1.d4 Nf6 2.Nf3 d5 3.c4 c6 4.Nc3 e6 5.Bg5 dxc4 6.e4 b5 7.e5 h6 8.Bh4 g5 9.Nxg5
hxg5 10.Bxg5 Nbd7 11.exf6 Qb6 12.g3 Bb7 13.Bg2 O-O-O 14.O-O b4 15.Ne4 c5
16.dxc5 Nxc5 17.Qc2 Bd5 18.Nxc5 Bxc5 19.Rfe1 Qc6 20.Be4 Rh5 21.h4 Rg8 22.Rad1
Rhh8 23.Bxd5 exd5 24.Qf5+ {#r} 1-0

[Event "Tournament \"]
[Site "masterchessopen.com Internet"]
[Date "2003.11.08"]
[Round "11"]
[White "Wornath Kai Rudolf (GER)"]
[Black "Knaak Rainer (GER)"]
[Result "0-1"]
[WhiteElo "2388"]
[BlackElo "2486"]

1.d4 e6 2.c4 d5 3.Nc3 Nf6 4.Bg5 c6 5.Nf3 dxc4 6.e4 b5 7.e5 h6 8.Bh4 g5 9.Nxg5
hxg5 10.Bxg5 Nbd7 11.g3 Bb7 12.Bg2 Be7 13.exf6 Nxf6 14.Nxb5 Qa5+ 15.Nc3 Qxg5
{#R} 0-1

[Event "Ch Russia (juniors) (under 16) (g)"]
[Site "masterchessopen.com Dagomys (Russia)"]
[Round "9"]
[White "Ivakhinova Inna (RUS)"]
[Black "Egorova Ekaterina (RUS)"]
[Result "1-0"]
[WhiteElo "2177"]
[BlackElo "2104"]

1.d4 d5 2.Nf3 Nf6 3.c4 c6 4.Nc3 e6 5.Bg5 dxc4 6.a4 Bb4 7.e4 Bxc3+ 8.bxc3 Qa5
9.e5 Ne4 10.Bd2 Nxd2 11.Qxd2 b5 12.Be2 Bb7 13.O-O Qc7 14.Ng5 O-O 15.f4 Nd7
16.f5 h6 17.fxe6 Nxe5 18.exf7+ Nxf7 19.Ne6 Qd7 20.Nxf8 Rxf8 21.axb5 cxb5
22.Rxa7 Qc8 23.Bf3 Nd6 24.Rxb7 Rxf3 25.Rxg7+ Kxg7 26.Rxf3 {#r} 1-0

[Event "It (open)"]
[Site "masterchessopen.com Southend (England)"]
[Date "2004.04.11"]
[Round "6"]
[White "Twyble Michael (ENG)"]
[Black "Lock Gavin R (ENG)"]
[Result "0-1"]
[WhiteElo "2215"]
[BlackElo "2158"]

1.d4 d5 2.c4 c6 3.Nf3 Nf6 4.Nc3 e6 5.Bg5 dxc4 6.e4 b5 7.e5 h6 8.Bh4 g5 9.exf6
gxh4 10.Ne5 Qxf6 11.Be2 Nd7 12.Nxc6 Bb7 13.Bf3 a6 14.O-O Bg7 15.Re1 O-O
16.Ne7+ Qxe7 17.Bxb7 Rab8 18.Bxa6 h3 19.g3 Qd6 {#R} 0-1

[Event "It (cat.2)"]
[Site "masterchessopen.com Budapest (Hungary)"]
[Round "13"]
[White "Berczes David (HUN)"]
[Black "Simonsen Hans Kristian (FAI)"]
[Result "1-0"]
[WhiteElo "2321"]
[BlackElo "2293"]

1.d4 Nf6 2.c4 c6 3.Nf3 d5 4.Nc3 e6 5.Bg5 dxc4 6.e4 b5 7.a4 Bb4 8.e5 h6 9.exf6
hxg5 10.fxg7 Rg8 11.g3 a6 12.h4 gxh4 13.Rxh4 Qf6 14.Ne5 Qxg7 15.Bg2 Bb7
16.axb5 axb5 17.Rxa8 Bxa8 18.Qa1 Bd6 {#r} 1-0

[Event "It (cat.8)"]
[Site "masterchessopen.com Dhaka (Bangladesh)"]
[Date "2004.05.25"]
[Round "8"]
[White "Murshed Niaz (BAN)"]
[Black "Sharma Dinesh K (IND)"]
[Result "1-0"]
[WhiteElo "2468"]
[BlackElo "2386"]

1.d4 d5 2.c4 c6 3.Nf3 Nf6 4.Nc3 e6 5.Bg5 dxc4 6.e4 b5 7.e5 h6 8.Bh4 g5 9.exf6
gxh4 10.Ne5 Qxf6 11.g3 Nd7 12.Qe2 Bb7 13.Bg2 Nxe5 14.dxe5 Qe7 15.O-O O-O-O
16.a4 b4 17.Ne4 Qc7 18.Nd2 c3 19.bxc3 c5 20.cxb4 Bxg2 21.Kxg2 Qb7+ 22.Kh3 cxb4
23.Nb3 Rd5 24.Rfd1 Be7 25.Rxd5 exd5 26.Rc1+ Kb8 {#r} 1-0

[Event "Ch Europe (juniors) (under 14)"]
[Site "masterchessopen.com Urgup (Turkey)"]
[Date "2004.07.29"]
[Round "1"]
[White "Pachta Paul (AUT)"]
[Black "Martinovic Sasa (CRO)"]
[Result "1-0"]
[WhiteElo "2159"]
[BlackElo "2138"]

1.Nf3 d5 2.d4 Nf6 3.c4 c6 4.Nc3 e6 5.Bg5 dxc4 6.e4 b5 7.e5 h6 8.Bh4 g5 9.Nxg5
hxg5 10.Bxg5 Nbd7 11.g3 Bb7 12.Bg2 Qb6 13.exf6 O-O-O 14.O-O Bh6 15.Ne4 c5
16.Bxh6 Rxh6 17.Qd2 Rdh8 18.dxc5 Nxc5 19.Nd6+ Kb8 20.Bxb7 Rxh2 21.Bf3 Nd3
22.Nxf7 R8h3 23.Ng5 Qd4 24.Nxh3 Ne5 25.Qd1 Rxh3 26.Qxd4 {#r} 1-0

[Event "It (open)"]
[Site "masterchessopen.com San Sebastian (Spain)"]
[Date "2004.09.27"]
[Round "2"]
[White "Tholey Jean-Paul (FRA)"]
[Black "Cruz-Lopez Claret Carlos (ESP)"]
[Result "0-1"]
[WhiteElo "2047"]
[BlackElo "2301"]

1.d4 d5 2.Nf3 Nf6 3.c4 c6 4.Nc3 e6 5.Bg5 dxc4 6.e4 b5 7.e5 h6 8.Bh4 g5 9.exf6
gxh4 10.Ne5 Qxf6 11.Be2 Nd7 12.Nxc6 a6 13.a4 b4 14.Ne4 Qf4 15.Nd2 Bb7 16.Bf3
Rc8 17.Ne5 Nxe5 18.dxe5 Qxe5+ 19.Kf1 {#R} 0-1

[Event "Tournament (regional)"]
[Site "masterchessopen.com Valencia (Spain)"]
[Round "4"]
[White "Sanchez Botella Luis J (ESP)"]
[Black "Rodriguez Perez Jorge (ESP)"]
[Result "1-0"]
[WhiteElo "2082"]
[BlackElo "2112"]

1.d4 d5 2.c4 c6 3.Nf3 e6 4.Nc3 Nf6 5.Bg5 dxc4 6.e4 b5 7.e5 h6 8.Bh4 g5 9.Nxg5
hxg5 10.Bxg5 Nbd7 11.g3 Rg8 12.h4 Rxg5 13.hxg5 Nd5 14.g6 fxg6 15.Qg4 Qe7
16.Qxg6+ Qf7 17.Qxf7+ Kxf7 18.Nxd5 cxd5 19.f4 Bb4+ 20.Kf2 Nb6 21.Be2 Na4
22.Rh7+ Kg6 23.Rah1 Bf8 24.Rc7 Bh6 25.Bh5+ Kf5 26.Kf3 {#r} 1-0

[Event "Ch Finland (team) 2004/05"]
[Site "masterchessopen.com Finland"]
[Date "2004.11.13"]
[Round "4"]
[White "Solozhenkin Evgeniy (RUS)"]
[Black "Penttinen Jarkko (FIN)"]
[Result "1-0"]
[WhiteElo "2501"]
[BlackElo "2304"]

1.d4 d5 2.Nf3 e6 3.c4 Nf6 4.Nc3 c6 5.Bg5 dxc4 6.e4 b5 7.e5 h6 8.Bh4 g5 9.exf6
gxh4 10.Ne5 Bb7 11.Nxf7 Qxf6 12.Nxh8 Qxh8 13.Qh5+ Kd8 14.Qxh4+ Kc7 15.Be2 Nd7
16.O-O Bg7 17.Rfd1 Rd8 18.Qg3+ Kc8 19.Ne4 Bf8 20.Bf3 Nb6 21.Bg4 Rxd4 22.Bxe6+
Kd8 23.Qb8+ Bc8 24.Qxa7 {#r} 1-0

[Event "Bayern Regionalliga Southwest 2004/05"]
[Site "masterchessopen.com Bayern (Germany)"]
[Date "2004.11.14"]
[Round "2"]
[White "Komljenovic Luka (GER)"]
[Black "Koch Enrico"]
[Result "1-0"]
[WhiteElo "2228"]
[BlackElo "2053"]

1.d4 d5 2.Nf3 Nf6 3.c4 c6 4.Nc3 e6 5.Bg5 dxc4 6.e4 b5 7.e5 h6 8.Bh4 g5 9.exf6
gxh4 10.Ne5 Qxf6 11.Be2 Nd7 12.Nxc6 Bb7 13.Bf3 a6 14.O-O Rc8 15.a4 b4 16.Nd5
Qf5 17.Nde7 Bxe7 18.Nxe7 Kxe7 19.Bxb7 Rcg8 20.Rc1 Nb6 21.Re1 Nd5 22.Re5 Qh3
23.Bxd5 Kd6 24.Re3 Qf5 25.Be4 Qg5 26.Rxc4 {#r} 1-0

[Event "It (open)"]
[Site "masterchessopen.com Singapore"]
[Date "2004.12.11"]
[Round "1"]
[White "Yueh Wei Po (TPE)"]
[Black "Lim Yee-Weng (MAS)"]
[Result "0-1"]
[WhiteElo "2127"]
[BlackElo "2346"]

1.d4 d5 2.c4 c6 3.Nc3 Nf6 4.Nf3 e6 5.Bg5 dxc4 6.e4 b5 7.e5 h6 8.Bh4 g5 9.Nxg5
hxg5 10.Bxg5 Nbd7 11.exf6 Bb7 12.g3 c5 13.d5 Ne5 14.Bf4 Ng6 15.Nxb5 Qa5+
16.Nc3 Nxf4 17.gxf4 O-O-O 18.Qg4 Kb8 19.O-O-O exd5 20.Bg2 d4 21.Bxb7 Kxb7
22.Qf3+ Kb8 23.Nd5 Qxa2 24.f5 Bh6+ 25.Nf4 c3 26.bxc3 d3 {#R} 0-1

[Event "It (open)"]
[Site "masterchessopen.com Bethune (France)"]
[Date "2004.12.27"]
[Round "3"]
[White "Couderc Christophe (FRA)"]
[Black "Rouzaud Philippe (FRA)"]
[Result "0-1"]
[WhiteElo "2081"]
[BlackElo "2246"]

1.d4 d5 2.c4 e6 3.Nc3 Nf6 4.Nf3 c6 5.Bg5 dxc4 6.e4 b5 7.e5 h6 8.Bh4 g5 9.Nxg5
hxg5 10.Bxg5 Nbd7 11.exf6 Bb7 12.g3 c5 13.d5 Qb6 14.Bg2 O-O-O 15.O-O b4 16.Rb1
Qa6 17.dxe6 Bxg2 18.e7 Bxf1 19.Qf3 Bxe7 20.fxe7 Bd3 21.exd8=Q+ Rxd8 22.Bf4 Nb8
23.Re1 bxc3 24.Re7 Qb6 25.bxc3 Qb1+ 26.Kg2 {#R} 0-1

[Event "It (open)"]
[Site "masterchessopen.com Villa Ballester (Argentina)"]
[Date "2005.01.08"]
[Round "3"]
[White "Villanueva Mario (ARG)"]
[Black "Hungaski Robert Andrew (USA)"]
[Result "0-1"]
[WhiteElo "2378"]
[BlackElo "2308"]

1.d4 d5 2.c4 c6 3.Nc3 Nf6 4.Nf3 e6 5.Bg5 dxc4 6.e4 b5 7.e5 h6 8.Bh4 g5 9.Nxg5
hxg5 10.Bxg5 Nbd7 11.exf6 Bb7 12.g3 Qc7 13.Bg2 c5 14.d5 b4 15.dxe6 Bxg2
16.exd7+ Qxd7 17.Qe2+ Qe6 18.Nb5 Qxe2+ 19.Kxe2 Bxh1 20.Rd1 Rc8 21.Rxh1 a6 {#R}
0-1

[Event "It (open)"]
[Site "masterchessopen.com Rochefort (France)"]
[Round "1"]
[White "Nafri Said (MAR)"]
[Black "Ouakhir Mehdi (MAR)"]
[Result "1-0"]
[WhiteElo "1954"]
[BlackElo "2239"]

1.c4 e6 2.Nc3 d5 3.d4 c6 4.Nf3 Nf6 5.Bg5 dxc4 6.e4 b5 7.e5 h6 8.Bh4 g5 9.exf6
gxh4 10.Ne5 Qxf6 11.Be2 Nd7 12.Nxc6 Bb7 13.Bf3 a6 14.O-O h3 15.Re1 Rg8 16.Nd5
{#r} 1-0

[Event "It (open) \"]
[Site "masterchessopen.com Moscow (Russia)"]
[Date "2005.02.16"]
[Round "2"]
[White "Ikonnikov Vyacheslav (RUS)"]
[Black "Kapnisis Spyridon (GRE)"]
[Result "1-0"]
[WhiteElo "2566"]
[BlackElo "2427"]

1.d4 d5 2.Nf3 Nf6 3.c4 e6 4.Nc3 c6 5.Bg5 dxc4 6.a4 Bb4 7.e4 b5 8.e5 h6 9.exf6
hxg5 10.fxg7 Rg8 11.h4 g4 12.Ne5 c5 13.h5 Rxg7 14.h6 Rh7 15.Qxg4 Qxd4 16.Qg3
Nd7 17.Nc6 Bxc3+ 18.bxc3 Qe4+ 19.Be2 Bb7 20.axb5 Bxc6 21.bxc6 Nb6 22.Rd1 e5
23.c7 Ke7 24.Rh4 Qf5 25.Qe3 e4 26.Qd2 {#r} 1-0

[Event "It (open) \"]
[Site "masterchessopen.com Moscow (Russia)"]
[Date "2005.02.22"]
[Round "8"]
[White "Ikonnikov Vyacheslav (RUS)"]
[Black "Perez Candelario Manuel (ESP)"]
[Result "1-0"]
[WhiteElo "2566"]
[BlackElo "2522"]

1.d4 d5 2.Nf3 Nf6 3.c4 e6 4.Nc3 c6 5.Bg5 dxc4 6.a4 Bb4 7.e4 Bxc3+ 8.bxc3 Qa5
9.e5 Ne4 10.Bd2 c5 11.Bxc4 Nc6 12.O-O h6 13.Be1 Ng5 14.Nxg5 hxg5 15.Qg4 Qd8
16.f4 cxd4 17.fxg5 g6 18.Qf4 Rh7 19.Rd1 Bd7 20.cxd4 Qb6 21.Bf2 Qb4 22.Bb5
O-O-O 23.Rb1 Qa3 24.Rfc1 a6 25.d5 exd5 26.e6 {#r} 1-0

[Event "It (open)"]
[Site "masterchessopen.com Ardennes (France)"]
[Round "7"]
[White "Corchette Fabien"]
[Black "Louis Andre (FRA)"]
[Result "0-1"]
[WhiteElo "1580"]
[BlackElo "1947"]

1.d4 d5 2.c4 c6 3.Nc3 Nf6 4.Nf3 e6 5.Bg5 dxc4 6.a4 Bb4 7.e3 b5 8.Nd2 Bb7
9.Nde4 a6 10.Bxf6 gxf6 11.Qg4 Bf8 12.Nc5 Bxc5 13.Qg7 Ke7 14.Ne4 Bb4+ 15.Ke2
Nd7 16.g3 Qg8 17.Qh6 Qg6 18.Qh4 Rag8 19.Bh3 c5 20.d5 Bxd5 21.f3 Bxe4 22.fxe4
{#R} 0-1

[Event "Tournament (Gr.2)"]
[Site "masterchessopen.com Bielefeld (Germany)"]
[Date "2005.05.15"]
[Round "5"]
[White "Fenner Martin (GER)"]
[Black "Ott Mathias (GER)"]
[Result "1-0"]
[WhiteElo "2129"]
[BlackElo "2012"]

1.d4 d5 2.c4 c6 3.Nc3 Nf6 4.Nf3 e6 5.Bg5 dxc4 6.e4 b5 7.e5 h6 8.Bh4 g5 9.Nxg5
hxg5 10.Bxg5 Nbd7 11.g3 Bb7 12.Bg2 Qb6 13.exf6 O-O-O 14.O-O c5 15.d5 b4 16.Rb1
Bd6 17.dxe6 Bxg2 18.Kxg2 bxc3 19.exd7+ Rxd7 20.Qc2 Qc6+ 21.f3 Rh5 22.h4 Qc7
23.bxc3 Bxg3 24.Qe4 Rd8 25.Qg4+ {#r} 1-0

[Event "Ch Pan-American (juniors) (under 18)"]
[Site "masterchessopen.com Balneario Camboriu (Brazil)"]
[Date "2005.06.17"]
[Round "9"]
[White "Garcia Jhoel (PER)"]
[Black "Hungaski Robert Andrew (USA)"]
[Result "0-1"]
[WhiteElo "2222"]
[BlackElo "2308"]

1.d4 e6 2.c4 d5 3.Nc3 c6 4.Nf3 Nf6 5.Bg5 dxc4 6.e4 b5 7.e5 h6 8.Bh4 g5 9.Nxg5
hxg5 10.Bxg5 Nbd7 11.exf6 Bb7 12.g3 Qb6 13.Bg2 O-O-O 14.O-O c5 15.d5 b4 16.Na4
Qb5 17.dxe6 Bxg2 18.Kxg2 Qc6+ 19.Qf3 Rxh2+ 20.Kxh2 Qxf3 21.exd7+ Rxd7 22.Rac1
Rd5 23.Bh4 Rd4 24.Rce1 Rxh4+ {#R} 0-1

[Event "It (open) \"]
[Site "masterchessopen.com St.Petersburg (Russia)"]
[Date "2005.06.21"]
[Round "4"]
[White "Abramov Valentin (RUS)"]
[Black "Solovjov Sergey I (RUS)"]
[Result "0-1"]
[WhiteElo "2338"]
[BlackElo "2497"]

1.d4 d5 2.c4 e6 3.Nf3 Nf6 4.Nc3 c6 5.Bg5 dxc4 6.e4 b5 7.e5 h6 8.Bh4 g5 9.Nxg5
hxg5 10.Bxg5 Nbd7 11.exf6 Bb7 12.Be2 Qc7 13.Bf3 O-O-O 14.Qe2 Rxh2 15.Rxh2 Qxh2
16.O-O-O Qc7 17.g3 Qa5 18.Kb1 b4 19.Ne4 c3 20.Bf4 Nb6 21.Nc5 Bxc5 22.dxc5
Rxd1+ 23.Qxd1 Qxc5 24.Qd6 Qf5+ {#R} 0-1

[Event "Memorial Narciso Yepes (open)"]
[Site "masterchessopen.com Lorca (Spain)"]
[Round "5"]
[White "Alonso Rene (CUB)"]
[Black "Claros Egea Christian (ESP)"]
[Result "1-0"]
[WhiteElo "2392"]
[BlackElo "2192"]

1.d4 d5 2.c4 c6 3.Nf3 Nf6 4.Nc3 e6 5.Bg5 dxc4 6.e4 b5 7.e5 h6 8.Bh4 g5 9.exf6
gxh4 10.Ne5 Bb7 11.Nxf7 Kxf7 12.Qh5+ Kxf6 13.Qxh4+ {#r} 1-0

[Event "Ch Slovakia (open)"]
[Site "masterchessopen.com Trencianske Teplice (Slovakia)"]
[Round "8"]
[White "Machalova Erika (SVK)"]
[Black "Kovacs Jozef (SVK)"]
[Result "0-1"]
[WhiteElo "2062"]
[BlackElo "2176"]

1.d4 d5 2.c4 c6 3.Nc3 Nf6 4.Nf3 e6 5.Bg5 dxc4 6.a4 Bb4 7.Bd2 O-O 8.e3 Bxc3
9.Bxc3 b5 10.b3 Nd5 11.Qd2 cxb3 12.axb5 cxb5 13.Bxb5 Qb6 14.Ba4 Bd7 15.Ba5 b2
16.Rb1 Qa6 17.Bxd7 Nxd7 18.Ng1 N7f6 19.f3 Nxe3 20.Bc3 {#R} 0-1

[Event "Spartakiada Russia (juniors) (g)"]
[Site "masterchessopen.com Satka (Russia)"]
[Date "2005.07.05"]
[Round "8"]
[White "Ivakhinova Inna (RUS)"]
[Black "Egorova Ekaterina (RUS)"]
[Result "1-0"]
[WhiteElo "2274"]
[BlackElo "2112"]

1.d4 d5 2.Nf3 Nf6 3.c4 c6 4.Nc3 e6 5.Bg5 dxc4 6.e4 b5 7.a4 Qb6 8.Bxf6 gxf6
9.Be2 Bb7 10.O-O a6 11.d5 b4 12.dxe6 bxc3 13.exf7+ Kxf7 14.Bxc4+ Ke7 15.e5 c5
16.a5 Qc7 17.exf6+ Kxf6 18.Qc1 Bxf3 19.Qxc3+ Kg5 20.Qxh8 Bg7 21.Qxh7 Bc6
22.f4+ Kf6 23.g4 {#r} 1-0

[Event "It (open)"]
[Site "masterchessopen.com Pic d'Anie (France)"]
[Date "2005.08.13"]
[Round "7"]
[White "Schoucair Henry (FRA)"]
[Black "Brethes Francois (FRA)"]
[Result "1-0"]
[WhiteElo "2122"]
[BlackElo "2119"]

1.d4 d5 2.c4 e6 3.Nc3 Nf6 4.Nf3 c6 5.Bg5 dxc4 6.e4 b5 7.e5 h6 8.Bh4 g5 9.exf6
gxh4 10.Ne5 Nd7 11.Nxf7 Qxf6 12.Nxh8 Qxh8 13.Qh5+ Kd8 14.Qxh4+ Be7 15.Qe4 {#r}
1-0

[Event "It (open)"]
[Site "masterchessopen.com Rostock (Germany)"]
[Date "2005.08.28"]
[Round "7"]
[White "Stahl Rene"]
[Black "Loeke Patrick"]
[Result "0-1"]
[WhiteElo "1447"]
[BlackElo "1690"]

1.d4 d5 2.c4 c6 3.Nc3 Nf6 4.Nf3 e6 5.Bg5 dxc4 6.e3 b5 7.a4 Qb6 8.axb5 cxb5
9.Bxf6 gxf6 10.Be2 Bb7 11.O-O a6 12.Nh4 Bg7 13.Bf3 O-O 14.Bxb7 Qxb7 15.Qg4 f5
16.Qg3 Nd7 17.Qd6 Nf6 18.Rxa6 Rxa6 {#R} 0-1

[Event "It \"]
[Site "masterchessopen.com Paington (England)"]
[Date "2005.09.05"]
[Round "2"]
[White "Bigg Andrew J (ENG)"]
[Black "Marsh Roger DW (ENG)"]
[Result "1-0"]
[WhiteElo "2295"]
[BlackElo "2072"]

1.d4 d5 2.Nf3 c6 3.c4 e6 4.Nc3 dxc4 5.Bg5 Nf6 6.e4 h6 7.Bxf6 Qxf6 8.Bxc4 Nd7
9.O-O e5 10.dxe5 Nxe5 11.Nxe5 Qxe5 12.Qb3 Qc7 13.e5 b5 14.Nxb5 cxb5 15.Bxb5+
Bd7 16.Rac1 Qb6 17.Bxd7+ Kxd7 18.Qxf7+ {#r} 1-0

[Event "It (open) \"]
[Site "masterchessopen.com Prague (Czech Republic)"]
[Date "2005.09.15"]
[Round "1"]
[White "Prachar Josef (CZE)"]
[Black "Cernousek Lukas (CZE)"]
[Result "0-1"]
[WhiteElo "2031"]
[BlackElo "2379"]

1.d4 d5 2.c4 c6 3.Nf3 Nf6 4.Nc3 e6 5.Bg5 dxc4 6.e4 b5 7.e5 h6 8.Bh4 g5 9.exf6
gxh4 10.Ne5 Qxf6 11.a4 Bb7 12.Be2 a6 13.Bf3 Nd7 14.Nxd7 Kxd7 15.axb5 axb5
16.Rxa8 Bxa8 17.Qa1 Bb7 18.Qa7 Kc8 19.O-O Rg8 20.Kh1 h3 21.Qb6 Qd8 22.Qxd8+
Kxd8 23.Rd1 hxg2+ 24.Bxg2 Kc7 {#R} 0-1

[Event "Ch Slovakia (team) 2005/06"]
[Site "masterchessopen.com Slovakia"]
[Date "2005.10.08"]
[Round "1"]
[White "Babula Vlastimil (CZE)"]
[Black "Cernousek Lukas (CZE)"]
[Result "1-0"]
[WhiteElo "2593"]
[BlackElo "2379"]

1.d4 d5 2.c4 c6 3.Nf3 Nf6 4.Nc3 e6 5.Bg5 dxc4 6.e4 b5 7.e5 h6 8.Bh4 g5 9.exf6
gxh4 10.Ne5 Qxf6 11.a4 Bb7 12.axb5 c5 13.Be2 Bxg2 14.Rg1 h3 15.b6 Qf4 16.Rxa7
Rxa7 17.bxa7 Bd6 18.Nf3 cxd4 19.a8=Q dxc3 20.bxc3 Be5 21.Qd2 Qf6 22.Qa4+ Kf8
23.Nxe5 Qxe5 24.Qb4+ {#r} 1-0

[Event "It (open) \"]
[Site "masterchessopen.com Obrenovac (Yugoslavia)"]
[Round "6"]
[White "Irizanin Radoje (SRB)"]
[Black "Rodic Dragan (SRB)"]
[Result "1-0"]
[WhiteElo "2269"]
[BlackElo "2173"]

1.d4 e6 2.Nf3 Nf6 3.Bg5 d5 4.c4 dxc4 5.Nc3 c6 6.e4 b5 7.e5 h6 8.Bh4 g5 9.Nxg5
hxg5 10.Bxg5 Nbd7 11.exf6 Bb4 12.g3 Qa5 13.Qc2 Rh5 14.h4 Bb7 15.Bg2 O-O-O
16.O-O Qb6 17.a4 a6 18.Rfd1 Rg8 19.Ne4 Kb8 20.b3 cxb3 21.Qxb3 a5 22.axb5 Qxb5
23.Qf3 Rhh8 24.Qf4+ e5 25.dxe5 Nxe5 26.Bf1 {#r} 1-0